| 000 | 01006nam a2200265Ia 4500 | ||
|---|---|---|---|
| 001 | ebr10093538 | ||
| 003 | CaPaEBR | ||
| 006 | m u | ||
| 007 | cr cn||||||||| | ||
| 008 | 020716s1994 enk s 000 0 eng d | ||
| 020 | _z0203986016 | ||
| 040 |
_aCaPaEBR _cCaPaEBR |
||
| 035 | _a(OCoLC)614834377 | ||
| 050 | 1 | 4 |
_aBL2015.K3 _bH86 1994eb |
| 100 | 1 |
_aHumphreys, Christmas, _d1901-1983. |
|
| 245 | 1 | 0 |
_aKarma and rebirth _h[electronic resource] : _bthe karmic law of cause and effect / _cChristmas Humphreys. |
| 260 |
_aSurrey : _bCurzon Press, _c1994. |
||
| 300 | _a105 p. | ||
| 533 |
_aElectronic reproduction. _bPalo Alto, Calif. : _cebrary, _d2009. _nAvailable via World Wide Web. _nAccess may be limited to ebrary affiliated libraries. |
||
| 650 | 0 | _aKarma. | |
| 650 | 0 | _aReincarnation. | |
| 655 | 7 |
_aElectronic books. _2local |
|
| 710 | 2 | _aebrary, Inc. | |
| 856 | 4 | 0 |
_uhttp://site.ebrary.com/lib/rucke/Doc?id=10093538 _zAn electronic book accessible through the World Wide Web; click to view |
| 999 |
_c99979 _d99979 |
||